000 00769nam a22002537a 4500
003 DO-SdBNP
005 20220915103844.0
007 ta
008 110301s20162018xxu 000 p spa d
020 _a9781718407397
040 _aDO-SdBNP
_bspa
_cBNPHU
082 4 _aRD861.5
_bB333m, 2018
_222
100 1 _aBatista, Lourdes
_953018
245 1 0 _aLa mujer desnuda /
_cLourdes Batista.
250 _a2a. ed.
260 _aNew York, Estados Unidos :
_bSolo para locos publishers,
_c2018.
300 _a96 p. :
_c21 cm.
500 _aIncluye datos biográficos de la autora p. 96
590 _aInventariado, 2022/ YL
650 4 _aPoesía dominicana
650 4 _aLiteratura dominicana
910 _aYLockward/Validado. Control de calidad MFF
942 _2ddc
_cLBS1
999 _c51909
_d51909